| 000 | 01645cam a2200301 a 4500 | ||
|---|---|---|---|
| 001 | 16784330 | ||
| 005 | 20170105102856.0 | ||
| 008 | 110518s2012 maua b 001 0 eng | ||
| 010 | _a 2011021320 | ||
| 020 | _a9780262016957 (hbk.) | ||
| 040 |
_aDLC _cDLC _dDLC |
||
| 042 | _apcc | ||
| 050 | 0 | 0 |
_aK3842 _b.S55 2012 |
| 082 | 0 | 0 |
_a342/.066 _223 |
| 100 | 1 | _aShleifer, Andrei. | |
| 245 | 1 | 4 |
_aThe failure of judges and the rise of regulators / _cAndrei Shleifer. |
| 260 |
_aCambridge, Mass. : _bMIT Press, _c2012. |
||
| 300 |
_aviii, 343 p. : _bill. ; _c24 cm. |
||
| 490 | 0 | _aWalras-Pareto lectures | |
| 504 | _aIncludes bibliographical references (p. [311]-326) and index. | ||
| 505 | 0 | 0 | _aThe enforcement theory of regulation -- Judicial fact discretion / with Nicola Gennaioli -- The evolution of common law / with Nicola Gennaioli -- The evolution of a legal rule / with Anthony Niblett and Richard A. Posner -- Courts / with Simeon Djankov, Rafael La Porta, and Florencio Lopez-De-Silanes -- The rise of the regulatory state / with Edward I. Glaeser -- Coase versus the coasians / with Edward Glaeser and Simon Johnson -- Legal origins / with Edward I. Glaeser -- The extent of the market and the supply of regulation / with Casey B. Mulligan -- The regulation of entry / with Simeon Djankov, Rafael La Porta, and Florencio Lopez-De-Silanes. |
| 650 | 0 |
_aTrade regulation _xEconomic aspects. |
|
| 650 | 0 | _aJudicial process. | |
| 650 | 0 | _aAdministrative procedure. | |
| 906 |
_a7 _bcbc _corignew _d1 _eecip _f20 _gy-gencatlg |
||
| 942 |
_2ddc _cBK |
||
| 999 |
_c14475 _d14475 |
||